Offshore y otros poemas / (Record no. 195965)

MARC details
000 -LEADER
campo de control de longitud fija 01272nam a2200349 i 4500
001 - NÚMERO DE CONTROL
campo de control 195965
003 - IDENTIFICADOR DE NÚMERO DE CONTROL
campo de control ES-MaRBCM
005 - FECHA Y HORA DE LA ÚLTIMA TRANSACCIÓN
campo de control 20250412063057.0
008 - DATOS DE LONGITUD FIJA--INFORMACIÓN GENERAL
campo de control de longitud fija 240804s2020 sp | 000 p spa d
015 ## - NÚMERO DE BIBLIOGRAFÍA NACIONAL
Número de bibliografía nacional MON21
016 ## - NÚMERO DE CONTROL DE UNA AGENCIA BIBLIOGRÁFICA NACIONAL
Número de control del registro a6896424
017 ## - NÚMERO DE COPYRIGHT O DE DEPÓSITO LEGAL
Número de copyright o de depósito legal M 7455-2020,
Agencia que asigna Oficina Depósito Legal Madrid
020 ## - NÚMERO INTERNACIONAL ESTÁNDAR DEL LIBRO
Número Internacional Estándar del Libro 9788412045932
035 ## - NÚMERO DE CONTROL DEL SISTEMA
Número de control de sistema CCBIP06635316
040 ## - FUENTE DE CATALOGACIÓN
Centro catalogador/agencia de origen SpMaBN
Lengua de catalogación spa
Centro/agencia transcriptor SpMaBN
Normas de descripción rda
Centro/agencia modificador M-BRCM
080 ## - NÚMERO DE LA CLASIFICACIÓN DECIMAL UNIVERSAL
Número de la Clasificación Decimal Universal 821.134.2-14"19"
100 ## - ENTRADA PRINCIPAL--NOMBRE DE PERSONA
Nombre de persona Serrano, José Luis,
Fechas asociadas al nombre 1967-
9 (RLIN) 237736
Término indicativo de función/relación Autor
245 10 - MENCIÓN DEL TÍTULO
Título Offshore y otros poemas /
Mención de responsabilidad, etc. José Luis Serrano.
250 ## - MENCION DE EDICION
Mención de edición Primera edición, junio de 2020.
260 ## - PUBLICACIÓN, DISTRIBUCIÓN, ETC.
Lugar de publicación, distribución, etc. Madrid :
Nombre del editor, distribuidor, etc. Flores Raras,
Fecha de publicación, distribución, etc. 2020.
300 ## - DESCRIPCIÓN FÍSICA
Extensión 129 páginas ;
Dimensiones 22 cm.
336 ## - TIPO DE CONTENIDO
Término de tipo de contenido Texto
Fuente rdacontent]
337 ## - TIPO DE MEDIO
Nombre/término del tipo de medio sin mediación
Fuente rdamedia]
338 ## - TIPO DE SOPORTE
Nombre/término del tipo de soporte volumen
Fuente rdacarrier]
655 #7 - TERMINO DE INDIZACIÓN--GENERO/FORMA
Datos o término principal de género/forma Poesías
Fuente del término tgfbne
9 (RLIN) 176539
852 ## - LOCALIZACIÓN
Ubicación ES-MaACL
Sublocalización o colección R.154512
Ubicación en estantería Depósito J
Número de control de estantería N-9096
Anotaciones manuscritas Dedicatoria autógrafa del autor
Donativo/Legado Donación: José Luis Serrano
Encuadernación Encuadernación rústica con solapas
itemnumber 204997
903 ## - NOMBRE PERSONAL DE DONANTE
9 237736
a Serrano, José Luis,
d 1967-
e Donante
942 ## - ELEMENTOS DE ENTRADA SECUNDARIOS (KOHA)
Tipo de ítem Koha Libro impreso
Suprimir en OPAC No
Holdings
Estatus retirado Estado de pérdida Fuente del sistema de clasificación o colocación Estado de daño No para préstamo Colección Biblioteca de origen Biblioteca actual Ubicación en estantería Fecha de adquisición Fuente de adquisición Total de préstamos Signatura topográfica completa Código de barras Visto por última vez Precio de reemplazo Tipo de ítem Koha
    Clasificación decimal universal     Libros con dedicatorias Biblioteca del Ateneo de Madrid Biblioteca del Ateneo de Madrid Depósito J 10/04/2025 Donación   N-9096 101229844 10/04/2025 10/04/2025 Libro impreso